000 00742nam a2200241Ia 4500
005 20260430150646.0
008 008 250103s9999 xx 000 0 eng d
037 _aTheses
040 _aCRL
040 _beng
040 _ceng
041 _2eng
041 _aeng
084 _qCRL
100 _aKonwar Chandrika Au.; Saluja Daman Gu.
_91238130
245 0 _aSIN-3 and its Multifunctional Nature: Understanding the Role of SIN-3 in Cell Death, Aging, and Tumor Development in C. elegans
260 _c2023
300 _a195p.
650 _aMedicine
700 _aUniversity of Delhi. Faculty of Medical Sciences. Deptt. of Medical Bio-Medical Research (B.R. Ambedkar )
_91238131
942 _cTH
999 _c1850322
_d1850322